Transformers (Record no. 66009)

000 -LEADER
fixed length control field 00476nam a22001817a 4500
003 - CONTROL NUMBER IDENTIFIER
control field NUST - PNEC
005 - DATE AND TIME OF LATEST TRANSACTION
control field 20170116180935.0
008 - FIXED-LENGTH DATA ELEMENTS--GENERAL INFORMATION
fixed length control field 150906b xxu||||| |||| 00| 0 eng d
020 ## - INTERNATIONAL STANDARD BOOK NUMBER
International Standard Book Number 0070483159
040 ## - CATALOGING SOURCE
Transcribing agency LIBRARY
082 ## - DEWEY DECIMAL CLASSIFICATION NUMBER
Classification number 621.314 BHE
100 ## - MAIN ENTRY--PERSONAL NAME
9 (RLIN) 8453
Personal name Bharat Heavy Electricals Limited
245 ## - TITLE STATEMENT
Title Transformers
Statement of responsibility, etc. Bharat Heavy Electricals Limited
250 ## - EDITION STATEMENT
Edition statement 2nd ed.
260 ## - PUBLICATION, DISTRIBUTION, ETC.
Date of publication, distribution, etc. c.2003
650 ## - SUBJECT ADDED ENTRY--TOPICAL TERM
9 (RLIN) 8454
Topical term or geographic name entry element Electric transformers
General subdivision EE
942 ## - ADDED ENTRY ELEMENTS (KOHA)
Source of classification or shelving scheme
Koha item type Book
Holdings
Withdrawn status Lost status Source of classification or shelving scheme Damaged status Not for loan Permanent Location Current Location Shelving location Date acquired Total Checkouts Full call number Barcode Date last seen Price effective from Koha item type
          Pakistan Navy Engineering College (PNEC) Pakistan Navy Engineering College (PNEC)       621.314 BHE PNECLIB-026879 09/06/2015   Book
© 2023 Central Library, National University of Sciences and Technology. All Rights Reserved.